Propuesta de diseño para una vivienda sostenible
Guardado en:
| Autor principal: | |
|---|---|
| Formato: | Libro |
| Lenguaje: | Spanish |
| Publicado: |
[San José], Costa Rica
2012
|
| Materias: | |
| Etiquetas: |
Agregar Etiqueta
Sin Etiquetas, Sea el primero en etiquetar este registro!
|
MARC
| LEADER | 00000nam a22000007a 4500 | ||
|---|---|---|---|
| 003 | 010761 | ||
| 005 | 20221231143928.0 | ||
| 008 | 151103b2012 cr a|||| |||| 00| 0 spa d | ||
| 040 | |c cru CEDI | ||
| 090 | |a TFG 6584 | ||
| 100 | |9 1994 |a Gutiérrez Fernández, Diego Alejandro | ||
| 245 | |a Propuesta de diseño para una vivienda sostenible | ||
| 260 | |a [San José], Costa Rica |c 2012 | ||
| 500 | |a Proyecto de graduación (licenciatura en ingeniería civil)--Universidad de Costa Rica. Facultad de Ingeniería. Escuela de Ingeniería Civil | ||
| 648 | |x CONSTRUCCION DE VIVIENDAS |x CONSTRUCCION SOSTENIBLE |x INGENIERÍA AMBIENTAL (CONSTRUCCIONES) |x ANALISIS DE COSTOS |x EVALUACION DEL IMPACTO AMBIENTAL |9 1995 | ||
| 942 | |c TFG | ||
| 999 | |c 14366 |d 14366 | ||
